000 00436pab a2200157 454500
008 180718b2015 xxu||||| |||| 00| 0 eng d
100 _aMasiero, Silvia
245 _aDoes computerisation reduce PDS leakage? lessons from Karnataka (Notes)
260 _c2015
300 _ap.77-81.
362 _a12 Dec
650 _aComputers
650 _aPublic distribution system
773 _aEconomic and Political Weekly
909 _a109739
999 _c109734
_d109734